000 00665nam a2200217Ia 4500
003 GCL
008 140319s9999 xx 000 0 ara d
040 _aGCL /
_cGCL
082 0 4 _a814.72
_bح ا
100 1 _aحسين احمد امين
245 1 0 _aالاسلام فى عالم متغير ومقالات اسلامية اخرى /
_cحسين احمد امين
260 _a[S.N] :
_bمكتبة مدبولى
300 _a335 ص
490 _a
650 0 4 _aمصر
650 0 4 _aالاسلام
650 0 4 _aالمقالات العربية
650 0 4 _aالتاريخ الاسلامى
650 0 4 _aالحضارة الاسلامية
942 _2ddc
_cBK
999 _c30196
_d30196